Statistiken für Pokémon - 7. Generation - Deutsch - German

Klicken Sie hier um das Quiz zu spielen!

Allgemein

  • Dieses Quiz wurde 1.051 mal gespielt
    (985 seit der letzten Aktualisierung)
  • Das Durchschnittsergebnis liegt bei 49 aus 86

Antwortstatistiken

HintAntwort% Korrekt
722Bauz
96%
725Flamiau
90%
728Robball
88%
791Solgaleo
87%
792Lunala
86%
727Fuegro
84%
724Silvarro
81%
726Miezunder
79%
730Primarene
79%
789Cosmog
71%
785Kapu-Riki
71%
737Akkup
70%
733Tukanon
70%
734Mangunior
69%
787Kapu-Toro
68%
786Kapu-Fala
67%
731Peppeck
67%
738Donarion
66%
788Kapu-Kime
66%
729Marikeck
66%
800Necrozma
66%
735Manguspektor
65%
732Trompeck
65%
723Arboretoss
64%
744Wuffels
64%
778Mimigma
63%
790Cosmovum
62%
799Schlingking
62%
745Wolwerock
62%
795Schabelle
61%
793Anego
60%
746Lusardin
60%
736Mabula
60%
794Masskito
60%
750Pampross
60%
798Katagami
58%
784Grandiras
57%
782Miniras
56%
749Pampuli
56%
777Togedemaru
56%
796Voltriant
56%
739Krabbox
55%
758Amfira
54%
741Choreogel
54%
783Mediras
54%
768Tectass
54%
767Reißlaus
53%
757Molunk
52%
807Zeraora
52%
761Frubberl
51%
763Fruyal
51%
740Krawell
51%
776Tortunator
51%
805Muramura
50%
806Kopplosio
49%
762Frubaila
48%
753Imantis
48%
754Mantidea
48%
802Marshadow
48%
752Aranestro
47%
751Araqua
47%
797Kaguron
47%
760Kosturso
47%
769Sankabuh
47%
772Typ:Null
47%
742Wommel
47%
743Bandelby
46%
765Kommandutan
46%
780Sen-Long
46%
748Aggrostella
45%
747Garstella
45%
779Knirfish
45%
801Magearna
45%
773Amigento
44%
770Colossand
44%
764Curelei
44%
759Velursi
43%
803Venicro
43%
804Agoyon
41%
771Gufa
40%
775Koalelu
40%
774Meteno
39%
781Moruda
37%
766Quatermak
36%
756Lamellux
34%
755Bubungus
33%

Verteilung der Resultate

Perzentil nach korrekt beantworteten Fragen

Anzahl Personen mit jedem Resultat

Ihre Resultats-Entwicklung

Sie haben dieses Quiz seit der letzten Aktualisierung nicht gespielt